Statistics for Top 10 Cleveland Cavaliers NBA Starters

Click here to take the quiz!

General Stats

  • This quiz has been taken 181 times
  • The average score is 13 of 28

Answer Stats

TeamPlayer% Correct
2006-07, 2008-09, 2009-10, 2014-15, 2015-16, 2016-17, 2017-18LeBron James
100%
2014-15, 2015-16, 2016-17Kyrie Irving
98%
2014-15, 2015-16, 2016-17, 2017-18Kevin Love
96%
1975-76Bingo Smith
90%
2014-15, 2015-16, 2016-17, 2017-18J.R. Smith
90%
2015-16, 2016-17Tristan Thompson
88%
2006-07, 2008-09Zydrunas Ilgauskas
76%
1991-92, 1992-93Mark Price
74%
2008-09, 2009-10Mo Williams
69%
1991-92, 1992-93Brad Daugherty
63%
1991-92, 1992-93Larry Nance
63%
2008-09Anderson Varejão
56%
2014-15Timofey Mozgov
50%
1991-92, 1992-93Craig Ehlo
38%
2009-10Shaquille O'Neal
38%
2006-07Drew Gooden
33%
2017-18George Hill
33%
2006-07Larry Hughes
28%
2008-09Delonte West
27%
2006-07Sasha Pavlović
15%
2017-18Jae Crowder
13%
1991-92, 1992-93Mike Sanders
11%
1975-76Campy Russell
9%
2009-10Anthony Parker
7%
1975-76Jim Chones
7%
2009-10J.J. Hickson
6%
1975-76Jim Brewer
3%
1975-76Jim Cleamons
1%

Score Distribution

Percentile by Number Answered

Percent of People with Each Score

Your Score History

You have not taken this quiz